000 00789nam0a22002411 4500
001 rc\3810052
005 20120329114728.1
021 _aRU
_b76-95093
035 _a(NLR Aleph) 007260527
090 _a5302723
_c5302723
100 _a20120329d1976 |||y0rusy50 ca
101 0 _arus
102 _aRU
105 _ay z |||||
200 1 _aДиалектологический сборник
_f[Ред. коллегия: доц. Т.С. Жбанкова (отв. ред.) и др.]
_gМ-во просвещения рСФСР. Ряз. гос. пед. ин-т
210 _aРязань
_cБ. и.
_d1976
215 _a91 с.
_d22
702 1 _aЖбанкова
_bТ. С.
_4340
801 0 _aRU
_bNLR
_gpsbo
801 1 _aRU
_bELAR
_2rusmarc
852 _aNLR
_j77-6/11074
942 _cBOOK
980 _aNB